000 00297nam a22001337a 4500
008 170602b xxu||||| |||| 00| 0 eng d
020 _a9780395963746
041 _aeng
080 _23 ED
_a94
100 _a17
101 _aSHH
245 _aTHE GLOBAL PUZZLE
_cMANSBACH.R.W
942 _2udc
_cBK
999 _c15679
_d15679